000
00298 a2200133 4500
001
195010
040
_c
Magnum
100
_a
Druon, Maurice
240
1
0
_a
O menino do dedo verde
_l
por
245
1
0
_a
O menino do dedo verde
300
_a
97
697
_a
LITERATURA JUVENIL ESTRANGEIRA
942
_c
BK
999
_c
195010
_d
195010